Joueurs NBA par leur surnom #1 - Statistiques

Statistiques générales
  • Ce quiz a été pris 97 fois
  • Le résultat moyen est 14 sur 20
Statistiques - réponses
Hint Réponse % Correct
Air Jordan Michael Jordan
93%
The King LeBron James
92%
The Greek Freak Giannis Antetokounmpo
91%
Larry Legend Larry Bird
91%
Vinsanity Vince Carter
87%
the beard James Harden
84%
Magic Earvin Johnson
75%
Dr. J Julius Erving
72%
Big Shot Bob Robert Horry
71%
The Answer Allen Iverson
69%
The Big Fundamentals Tim Duncan
68%
Slim Reaper Kevin Durant
65%
The Dream Hakeem Olajuwon
64%
Chuck Charles Barkley
63%
Agent 0 Gilbert Arenas
56%
The Mailman Karl Malone
56%
The Gloves Gary Payton
55%
The Truth Paul Pierce
53%
The Glide Clyde Drexler
49%
the Stilt Wilt Chamberlain
49%
Aucun quiz correspondant
Distribution des résultats
% des personnes avec chaque résultat
Percentile par nombre de réponses
Votre historique - résultats
Vous n’avez pas pris ce quiz